000 00617nam a2200265Ia 4500
005 20260121114442.0
008 008 260114s9999 xx 000 0 eng d
020 _a9789354241802
037 _aEBOOK
040 _aCRL
040 _beng
040 _cCRL
041 _2eng
041 _aeng
084 _qCRL
100 _aSanei
_9975281
245 0 _aEEG Signal Processing
260 _bWiley
260 _c2021
650 _aElectrical & Electronics
_9975282
856 _uhttps://ebooks.wileyindia.com/product-details/283242
942 _cEBOOK
999 _c1554255
_d1554255